7 Merveilles du Monde Moderne et Antique en Images - Statistiques

Statistiques générales
  • Ce quiz a été pris 192 fois
    157 depuis la dernière actualisation
  • Le résultat moyen est 9 sur 14
Statistiques - réponses
Par images Réponse % Correct
Le Colisée de Rome
90%
Le Machu Picchu
87%
La Statue du Christ rédempteur
86%
Le Taj Mahal
85%
La Grande Muraille de Chine
81%
Pétra
71%
Le Phare d'Alexandrie
68%
La Pyramide de Khéops
60%
Le Colosse de Rhodes
58%
La Statue chryséléphantine de Zeus
56%
Les Jardins suspendus de Babylone
54%
Chichén Itzá
43%
Le Temple d'Artémis
41%
Le Mausolée d'Halicarnasse
33%
Aucun quiz correspondant
Distribution des résultats
% des personnes avec chaque résultat
Percentile par nombre de réponses
Votre historique - résultats
Vous n’avez pas pris ce quiz depuis la dernière actualisation